Spelling WW.43 - Statistics

General Stats
  • This quiz has been taken 51 times
  • The average score is 15 of 25
Answer Stats
Hint Answer % Correct
We need to get ______ the bridge. across
77%
The plane flies high _______ us. above
73%
We will ______ the new book next month. begin
73%
I’m ______ of the dark. afraid
69%
I _____ that book yesterday. began
69%
I went the wrong way, so now I need to turn _______. around
65%
We learned _______ the life cycle of tulips! about
62%
I won’t make the same mistake ______. again
62%
A long time _______, dinosaurs walked the earth. ago
62%
Did you know that plants are _______? alive
62%
Do you ________ in Santa? believe
62%
We are far ______ from the ocean. away
58%
If you never do your work, you’ll ________ lazy. become
58%
The oven mitts are right _______ the oven. beside
58%
We go to sing ______ practice on Fridays! along
54%
We lost puff balls _______ we were loud. because
54%
Look both ways _____ crossing the street. before
54%
4-Level work goes above and _____. beyond
54%
I can fall ______ anywhere! asleep
50%
My cat likes to sit ______ me and my sister. between
50%
Let’s ______ to try our best! agree
46%
I like to look _____ to what we’re doing next. ahead
46%
The scissors do not ________ in the student center. belong
46%
When you’re _______ water, you need to hold your breath! below
46%
Don’t forget to look _____ the door before you open it so you don’t hit anyone! behind
42%
No matching quizzes found
Score Distribution
Percent of People with Each Score
Percentile by Number Answered
Your Score History
You have not taken this quiz